Histoire de la musique (Record no. 165611)

MARC details
000 -LEADER
campo de control de longitud fija 00649nam a2200193 i 4500
001 - NÚMERO DE CONTROL
campo de control 165611
003 - IDENTIFICADOR DE NÚMERO DE CONTROL
campo de control ES-MaACL
005 - FECHA Y HORA DE LA ÚLTIMA TRANSACCIÓN
campo de control 20260217063017.0
008 - DATOS DE LONGITUD FIJA--INFORMACIÓN GENERAL
campo de control de longitud fija 981120s1899 fr |||| | fre d
040 ## - FUENTE DE CATALOGACIÓN
Centro catalogador/agencia de origen CCPB | B
Lengua de catalogación spa
Centro/agencia transcriptor CCPB | B
100 1# - ENTRADA PRINCIPAL--NOMBRE DE PERSONA
Nombre de persona Soubies, Albert,
Fechas asociadas al nombre 1846-1918
9 (RLIN) 132849
245 10 - MENCIÓN DEL TÍTULO
Título Histoire de la musique
Resto del título : Suisse /
Mención de responsabilidad, etc. par Albert Soubies.
260 ## - PUBLICACIÓN, DISTRIBUCIÓN, ETC.
Lugar de publicación, distribución, etc. Paris :
Nombre del editor, distribuidor, etc. Librairie des Bibliophiles,
Fecha de publicación, distribución, etc. 1899 (
Fabricante Léopold Cerf)
300 ## - DESCRIPCIÓN FÍSICA
Extensión [4], 132, [4] p. ;
Dimensiones 16 cm.
596 ## - NOTA AL PIE DE IMPRENTA
NOTA AL PIE DE IMPRENTA Datos de impresor tomados de colofón.
650 #7 - PUNTO DE ACCESO ADICIONAL DE MATERIA--TÉRMINO DE MATERIA
Término de materia o nombre geográfico como elemento de entrada Música suiza
Fuente del encabezamiento o término
9 (RLIN) 170146
852 ## - LOCALIZACIÓN
Ubicación ES-MaACL
Número de control de estantería G-2424
Nota libre -- Rust.
Holdings
Estatus retirado Estado de pérdida Estado de daño No para préstamo Colección Biblioteca de origen Biblioteca actual Ubicación en estantería Fecha de adquisición Fuente de adquisición Total de préstamos Signatura topográfica completa Código de barras Visto por última vez Precio de reemplazo Tipo de ítem Koha
        Libros del s. XIX Biblioteca del Ateneo de Madrid Biblioteca del Ateneo de Madrid Depósito 2 17/01/2008     G-2424 1173681 23/02/2023 23/02/2023 Libro impreso antiguo